Southville International School and Colleges
Your cart is empty.
  • Cart
  • Lists
    Public lists Eva Luna New books Lux_list list_1
    Your lists Log in to create your own lists
  • Log in to your account
  • Your cookies
  • Search history
Southville International School and Colleges
  • Advanced search
  • Recent comments
  • Most popular
  • Libraries

Log in to your account

Log in with GOOGLE


If you do not have an external account, but do have a local account, you can still log in:

  1. Home
  2. MARC view: Medical-surgical nursing :
Normal view MARC view ISBD view

Medical-surgical nursing : (Record no. 283705)

[ view plain ]
MARC details
000 -LEADER
fixed length control field 04332cam a22004937a 4500
001 - CONTROL NUMBER
control field 16321686
003 - CONTROL NUMBER IDENTIFIER
control field PILC
005 - DATE AND TIME OF LATEST TRANSACTION
control field 20150304081927.0
007 - PHYSICAL DESCRIPTION FIXED FIELD--GENERAL INFORMATION
fixed length control field co uga||||||||
008 - FIXED-LENGTH DATA ELEMENTS--GENERAL INFORMATION
fixed length control field 100707s2011 moua b 001 0 eng
010 ## - LIBRARY OF CONGRESS CONTROL NUMBER
LC control number 2010028656
016 7# - NATIONAL BIBLIOGRAPHIC AGENCY CONTROL NUMBER
Record control number 101535151
Source DNLM
020 ## - INTERNATIONAL STANDARD BOOK NUMBER
International Standard Book Number 9780323065801 (single v. : hard cover : alk. paper)
020 ## - INTERNATIONAL STANDARD BOOK NUMBER
International Standard Book Number 0323065805 (single v. : hard cover : alk. paper)
020 ## - INTERNATIONAL STANDARD BOOK NUMBER
International Standard Book Number 9780323065818 (twov. set : hard cover : alk. paper)
020 ## - INTERNATIONAL STANDARD BOOK NUMBER
International Standard Book Number 0323065813 (twov. set : hard cover : alk. paper)
020 ## - INTERNATIONAL STANDARD BOOK NUMBER
International Standard Book Number 9996080900 (v.1)
020 ## - INTERNATIONAL STANDARD BOOK NUMBER
International Standard Book Number 9789996080906 (v.1)
020 ## - INTERNATIONAL STANDARD BOOK NUMBER
International Standard Book Number 9996080846 (v.2)
020 ## - INTERNATIONAL STANDARD BOOK NUMBER
International Standard Book Number 9789996080845 (v.2)
020 ## - INTERNATIONAL STANDARD BOOK NUMBER
International Standard Book Number 9789812729583
035 ## - SYSTEM CONTROL NUMBER
System control number (OCoLC)ocn646388497
040 ## - CATALOGING SOURCE
Original cataloging agency DNLM/DLC
Transcribing agency DLC
Modifying agency BTCTA
-- NLM
-- WAU
-- YDXCP
-- CDX
-- VAM
-- VET
-- DLC
050 00 - LIBRARY OF CONGRESS CALL NUMBER
Classification number RT 41
Item number .M488 2014
082 00 - DEWEY DECIMAL CLASSIFICATION NUMBER
Classification number 617/.0231
245 00 - TITLE STATEMENT
Title Medical-surgical nursing :
Remainder of title assessment and management of clinical problems /
Statement of responsibility, etc Sharon L. Lewis ... [et al.].
250 ## - EDITION STATEMENT
Edition statement 8th ed.
Remainder of edition statement Philippine ed.
260 ## - PUBLICATION, DISTRIBUTION, ETC. (IMPRINT)
Place of publication, distribution, etc St. Louis, Mo. :
Name of publisher, distributor, etc Elsevier/Mosby,
Date of publication, distribution, etc c2014.
300 ## - PHYSICAL DESCRIPTION
Extent 2 (various pagings) :
Other physical details illustrations (chiefly colors) ;
Dimensions 27 cm.
504 ## - BIBLIOGRAPHY, ETC. NOTE
Bibliography, etc Includes bibliographical references and index.
505 0# - FORMATTED CONTENTS NOTE
Formatted contents note V. 1 -- Contemporary nursing practice -- Health disparities and culturally competent care -- Health history and physical examination -- Patient and caregiver teaching -- Chronic illness and older adults -- Community-based nursing and home care -- Complementary and alternative therapies -- Stress and stress management -- Sleep and sleep disorders -- Pain -- Palliative care at end of life -- Addictive behaviors -- Inflammation and wound healing -- Genetics, altered immune responses, and transplantation -- Infection and human immunodeficiency virus infection -- Cancer -- Fluid, electrolyte, and acid-base imbalances -- Preoperative care -- Intraoperative care -- Postoperative care -- Visual and auditory systems -- Visual and auditory problems -- Integumentary system -- Burns -- Respiratory system -- Upper respiratory problems -- Lower respiratory problems -- Obstructive pulmonary diseases -- Hematologic system -- Hematologic problems -- Cardiovascular system -- Hypertension -- Coronary artery disease and acute coronary syndrome -- Heart failure -- Dysrhythmias -- Inflammatory and structural heart disorders -- Vascular disorders.
505 0# - FORMATTED CONTENTS NOTE
Formatted contents note V. 2 -- Gastrointestinal system -- Nutritional problems -- Obesity -- Upper gastrointestinal problems -- Lower gastrointestinal problems -- Liver, pancreas, and biliary tract problems -- Urinary system -- Renal and urologic problems -- Acute kidney injury and chronic kidney disease -- Endocrine system -- Diabetes mellitus -- Endocrine problems -- Reproductive system -- Breast disorders -- Sexually transmitted diseases -- Female reproductive problems -- Male reproductive problems -- Nervous system -- Acute intracranial problems -- Stroke -- Chronic neurologic problems -- Alzheimer's disease, dementia, and delirium -- Peripheral nerve and spinal cord problems -- Musculoskeletal system -- Musculoskeletal trauma and orthopedic surgery -- Musculoskeletal problems -- Arthritis and connective tissue diseases -- Critical care -- Shock, systemic inflammatory response syndrome, and multiple organ dysfunction syndrome -- Respiratory failure and acute respiratory distress syndrome -- Emergency, terrorism, and disaster nursing -- Appendixes A: Cardiopulmonary resuscitation and basic life support for health care providers -- Appendixes B: Nursing diagnoses -- Appendixes C: Laboratory references intervals.
521 ## - TARGET AUDIENCE NOTE
Target audience note Nursing
538 ## - SYSTEM DETAILS NOTE
System details note System requirements: Windows XP SP2, Vista or 32-bit Windows 7 operating system. Intel Pentium 4 processor /1 GHz or greater; 65 MB available hard drive space; 512 MB RAM. MAC OS 10.4 x 10.6x operating system; Intel-based processor or Power PC G4/G5 (867 MHz or higher); 65 MB available hard drive space.
650 #0 - SUBJECT ADDED ENTRY--TOPICAL TERM
Topical term or geographic name as entry element Nursing.
650 #0 - SUBJECT ADDED ENTRY--TOPICAL TERM
Topical term or geographic name as entry element Surgical nursing.
650 12 - SUBJECT ADDED ENTRY--TOPICAL TERM
Topical term or geographic name as entry element Nursing Care.
650 22 - SUBJECT ADDED ENTRY--TOPICAL TERM
Topical term or geographic name as entry element Nursing Assessment.
650 22 - SUBJECT ADDED ENTRY--TOPICAL TERM
Topical term or geographic name as entry element Perioperative Nursing.
700 1# - ADDED ENTRY--PERSONAL NAME
Personal name Lewis, Sharon Mantik.
906 ## - LOCAL DATA ELEMENT F, LDF (RLIN)
a 7
b cbc
c orignew
d 1
e ecip
f 20
g y-gencatlg
942 ## - ADDED ENTRY ELEMENTS (KOHA)
Source of classification or shelving scheme Library of Congress Classification
Koha item type Books
Holdings
Withdrawn status Lost status Source of classification or shelving scheme Damaged status Home library Current library Shelving location Date acquired Source of acquisition Sub Shelving location Total Checkouts Total Renewals Full call number Barcode Date last seen Date checked out Price effective from Koha item type
    Library of Congress Classification   College Library College Library Filipiniana Section 03/04/2015 Library Fund   5 9 RT 41 .M488 2014 C19163 05/08/2018 06/09/2017 03/04/2015 Books

Medical-surgical nursing :

APA

Lewis S. M., . (2014). Medical-surgical nursing. St. Louis, Mo: Elsevier/Mosby.

Chicago

Lewis Sharon Mantik, . 2014. Medical-surgical nursing. St. Louis, Mo: Elsevier/Mosby.

Harvard

Lewis S. M., . (2014). Medical-surgical nursing. St. Louis, Mo: Elsevier/Mosby.

MLA

Lewis Sharon Mantik, . Medical-surgical nursing. St. Louis, Mo: Elsevier/Mosby. 2014.

  • Place hold
  • Print
  • Cite
  • Add to your cart (remove)
  • Save record
    BIBTEX Dublin Core MARCXML MARC (non-Unicode/MARC-8) MARC (Unicode/UTF-8) MARC (Unicode/UTF-8, Standard) MODS (XML) RIS
  • More searches
    Search for this title in:
    Other Libraries (WorldCat) Other Databases (Google Scholar) Online Stores (Bookfinder.com) Open Library (openlibrary.org)

Exporting to Dublin Core...

SOUTHVILLE LIBRARY

Southville International School and Colleges Library

1281 Tropical Ave. Cor. Luxembourg St., BF Homes International, Las Pinas City

Tel. No. 8256374 / 252358 Loc. 117/146

Powered by Koha